000 00914nmm a2200277 a 4500
003 AR-BaBNM
005 20251128210104.0
008 199019s1995 ||||||||||||||000 | spa||
040 _cAR-BaBNM
245 1 0 _aFichas de ejercitación 1er ciclo de ciencias naturales
_bcontenidos educativos y propuestas didácticas
250 _a1ª ed.
260 _aBuenos Aires
_bVocación Docente
_c1995
300 0 _bil.
500 0 _aLas fichas corresponden al texto Contenidos básicos comunes ciencias naturales 1er ciclo
650 4 _aCIENCIAS NATURALES
650 4 _aACTIVIDADES DE APRENDIZAJE
650 4 _aFICHAS ESCOLARES
650 4 _aPROYECTOS
650 4 _aMOTIVACION DEL ALUMNO
653 0 _aCONTENIDOS BASICOS COMUNES
653 0 _aEDUCACION GENERAL BASICA
700 1 _aGarcía de Settembrino, Zulema
_ecoordinador
700 1 _aGarcía, Rosario
_ecoordinador
942 _cBK
998 _cCarmen
999 _c13993
_d13993